Кари Сото се завръща (Запис номер 501248)
[ съкратено ]
| 000 -Лидер | |
|---|---|
| Лидер | 01277nam a2200325 a 4500 |
| 003 - Код на организацията, давaща контролен номер | |
| Код на организацията, даваща контролен номер | BLK |
| 005 - Дата и час на последна редакция | |
| Дата и час на последна редакция | 20250729114156.0 |
| 008 - Елементи от данни с фиксирана дължина | |
| Елементи с фиксирана дължина | 200703b bu ||||| |||| 00| 0 bu d |
| 020 ## - Международен стандартен номер на книга ISBN | |
| ISBN | 9789547833807 |
| 040 ## - Източник на каталожния запис | |
| Код на библиотеката | BLK |
| 041 ## - Код за език | |
| Език | Български |
| Език за КДБФ | Български |
| 080 ## - УДК | |
| УДК текст | Американска литература (на САЩ) |
| УДК код | 821.111(73) |
| УДК – определител | -31 |
| УДК – код + определител | 821.111(73)-31 |
| 100 ## - Редна дума - Автор | |
| Автор | Рийд, Тейлър Дженкинс |
| R(LIN) | 417377 |
| 245 ## - Сведения за заглавието | |
| Заглавие | Кари Сото се завръща |
| Авторска отговорност | Тейлър Дженкинс Рийд ; прев. Катя Перчинкова |
| 257 ## - Страна на издаване | |
| Страна на създаване/издаване | България |
| 260 ## - Област на издателските данни | |
| 9 (RLIN) | 213084 |
| Място на издаване | София |
| Име на издателя | Локус пъблишинг |
| Година на издаване | 2023 |
| Издателство - префикс ISBN | 978-954-783- |
| 300 ## - Физическа характеристика | |
| Брой страници | 463 с. |
| Размер | 20 см |
| 380 ## - Жанр | |
| Жанр | Худож. лит. |
| 490 ## - СЕРИИ (Колекции) | |
| 9 (RLIN) | 417306 |
| Серия | Библиотека Lux in tenebris |
| Номер в серията | 17 |
| ISSN на серия | C634-7967 |
| 500 ## - Общи забележки | |
| Обща забележка | Ориг. загл.: Carrie Soto is back / Taylor Jenkins Reid |
| 700 1# - Други автори (авторска отговорност) | |
| 9 (RLIN) | 108657 |
| Друг автор | Перчинкова, Катя Христова |
| Авт. отговорност на др. автор | прев. |
| 852 ## - Местоположение | |
| Отдел | Заемна - подръчен фонд |
| Систематично-азбучна сигнатура | 821-31/Р 58 Т |
| 852 ## - Местоположение | |
| Сигнатура (форматна) | Цб 324956 |
| Отдел | Хранилище |
| 856 ## - Електронен адрес и достъп | |
| Инструкция (цена за достъп) | 0.00 |
| Права за достъп | disable |
| 942 ## - АРТИКУЛИ | |
| Вид на библиотечния документ | Книги |
| Скрит в OPAC | Не |
| Периодичен библиозапис | Да |
| Koha issues (borrowed), all copies | 17 |
| 944 ## - СЪЗДАВАНЕ И РЕДАКЦИЯ на ЗАПИСА | |
| Дата на регистрацията/редакция | Кети Илиева |
| Служител, извършил регистрацията/редакцията | 30576 |
| Номер на служител | Цветомила Тодорова |
| 999 ## - СИСТЕМНИ КОНТРОЛНИ НОМЕРА | |
| Koha biblionumber | 501248 |
| Koha biblioitemnumber | 501248 |
| 999 ## - СИСТЕМНИ КОНТРОЛНИ НОМЕРА | |
| Koha biblioitemnumber | 501248 |
| 999 ## - СИСТЕМНИ КОНТРОЛНИ НОМЕРА | |
| Koha biblioitemnumber | 501248 |
| Код за отписване | Код за изгубен артикул | Източник на класификационната схема | Код за повреда | Код за отдаване | Артикулен № | Име на библиотеката - собственик | Име на библиотеката, в която се намира в момента | Статус (Текущо местоположение) | Дата на вписване в системата | Местоположение - отдел | Цена в лева | Инвентарен номер | Систематично азбучна сигнатура | Баркод | Цена в евро | Служебен тип на артикула | Коз за рестрикции |
|---|---|---|---|---|---|---|---|---|---|---|---|---|---|---|---|---|---|
| Не е изгубен | Universal Decimal Classification | Не е повреден | заемане за дома | 939746 | Регионална библиотека "Любен Каравелов" Русе | Регионална библиотека "Любен Каравелов" Русе | Заемна - подръчен фонд | 2024-01-23 | Заемна - подръчен фонд | 16.80 | 120000898784 | 821-31/Р 58 Т | 120000898784 | 8.59 | Книги | ||
| Не е изгубен | Universal Decimal Classification | Не е повреден | заемане за дома | 939747 | Регионална библиотека "Любен Каравелов" Русе | Регионална библиотека "Любен Каравелов" Русе | Заемна - подръчен фонд | 2024-01-23 | Заемна - подръчен фонд | 16.80 | 120000898785 | 821-31/Р 58 Т | 120000898785 | 8.59 | Книги | ||
| Не е изгубен | Universal Decimal Classification | Не е повреден | ползва се в читалня | 953332 | Регионална библиотека "Любен Каравелов" Русе | Регионална библиотека "Любен Каравелов" Русе | Хранилище | 2024-10-29 | Хранилище | 24.00 | 120000914159 | Цб 324956 | 120000914159 | 12.27 | Книги | само за читалня |